| 000 | 01612nam0a2200313 4500 | ||
|---|---|---|---|
| 001 | RU\NLR\BIBL_A\011574495 | ||
| 005 | 20250626093959.0 | ||
| 010 |
_a978-5-295-06752-5 _91000 |
||
| 021 |
_aRU _b2017-62940 _94457 |
||
| 035 | _a(NLR Aleph) 011574495 | ||
| 090 |
_a10815112 _c10815112 |
||
| 100 | _a20171226d2017 |||y0rusy50 ca | ||
| 101 | 0 | _abak | |
| 102 | _aRU | ||
| 105 | _ac z 000 y | ||
| 200 | 1 |
_aСалауат сәләме _e[шиғырҙар] _fБуранбай Исҡужин |
|
| 210 |
_aӨфө _cКитап _d2017 |
||
| 215 |
_a260,[2] б. _cпортр. _d17 |
||
| 300 | _aВ вып. дан. 1 и 2 авт.: Искужин Буранбай (Буребай) Махмутович, Халилов Аксан (Кинзя) Насретдинович | ||
| 423 | 0 |
_12001#$aӨмөтдар$fӘҡсән Хәлилов _1210##$aӨфө$d2017 _1215##$aС. 103-198 _1700#1$aХәлилов$bӘ. Н.$f1959-$gӘҡсән Насретдин улы _tӨмөтдар _aХәлилов, Әҡсән Насретдин улы (1959-) |
|
| 423 | 0 |
_12001#$aБерләм юл$fФәрит Әхмәтов _1210##$aӨфө$d2017 _1215##$aС. 199-261 _1700#1$aӘхмәтов$bФ. Й.$gФәрит Йәгәфәр улы _tБерләм юл _aӘхмәтов, Фәрит Йәгәфәр улы |
|
| 541 | 1 |
_6z01790 _aПриветствие Салавата _eстихи. _zrus |
|
| 686 | 1 | _aШ6(2=Баш)7-5 | |
| 700 | 1 |
_aИсҡужин _bБ. _f1952- _gБуранбай |
|
| 790 | 1 |
_6z01541 _aИскужин _bБ. _gБуранбай _4070 |
|
| 852 |
_aNLR _bОНЛ _jБашк./2-5097 |
||
| 942 | _cBOOK | ||
| 980 | _aNB | ||